Cytotoxické cyklopeptidové (faloidné) otravy hubami 1. typu

Bibliographic Details
Main Author: Gavorník, Peter, 1948- (Author)
Format: Article
Language:Slovak
PhysicalDescription:Tab. 2, res. angl., nem., slov., lit. 20 zázn. v angl.
ISSN:1335-0234
Subjects:

MARC

LEADER 00000nab a2200000 a 4500
001 vtls000551371
003 SK-MaSNL
005 20260304085949.0
008 250425c1995 xo 0 slo
015 |a SNBRB19rr/mm-uuuuu 
035 |a CL0551509 
035 |a urn:nbn:sk:snk-abe6b 
035 |a (urnnbn)urn:nbn:sk:snk:ar-a055wo 
035 |a (uuid)1fe6332e-0758-433f-a812-092d17eb4ca0 
040 |a SNKBUCL  |b slo  |c SNKBUCL  |e AACR2 
041 0 |a slo 
044 |a xo  |c SK 
080 |a 616-099  |2 1981 
100 1 |a Gavorník, Peter,  |d 1948-  |4 aut  |9 201242 
245 1 0 |a Cytotoxické cyklopeptidové (faloidné) otravy hubami 1. typu  |c Peter Gavorník 
300 |b Tab. 2, res. angl., nem., slov., lit. 20 zázn. v angl. 
650 0 7 |a mykotoxikózy  |2 snkbucl  |9 15795 
650 0 7 |a cyklopeptidy toxické  |2 snkbucl  |9 1380236 
655 7 |a články z novín a časopisov  |2 snkbucl  |9 267496 
773 0 |t Slovenský lekár  |g Roč. 5 (19), č. 5-6 (1995), s. 47-51  |x 1335-0234 
850 |a Slovenská národná knižnica 
852 |a Slovenská národná knižnica 
954 |a odborná, vedecká literatúra pôvodná (slovenská)  |2 lita 
958 |a article27 
958 |a NB 
958 |a RK 
958 |a MI 
958 |a OND 
958 |a EUIPO 
992 |a RBX 
999 |c 2809849  |d 2811779